000 00287nam a22001337a 4500
008 180817b xxu||||| |||| 00| 0 eng d
020 _a9780205352241
041 _aeng
080 _26 ed
_a316
100 _a51
101 _asoc
245 _asociology
_chenstin.j.m
942 _2udc
_cBK
999 _c47205
_d47205